000 00747nam a22002417a 4500
999 _c360687
_d360687
001 74397
003 UA-OsUOA
005 20200125225818.0
007 ta
008 20110406b un ||||| |||| 00| 0 ukr d
020 _a966-00-0107-Х
040 _aUA-OsUOA
_bukr
_cUA-OsUOA
_dUA-OsUOA
041 _aukr
044 _aUA
080 _a94(477)
090 _a94(477)
_bО-61
245 _aОписи Лівобережної України кінця ХVIII-ХІХ століття
_cупоряд. Т. Б. Ананьєва ; ред. П. С. Сохань
260 _aКиїв
_bНаукова думка
_c1997
300 _a322 с.
650 7 _a9 Географія. Біографії. Історія
_2UDC
942 _cBK
_2udc
955 _a2